Представление документа в формате RUSMARC

ПолеНазваниеЗначение
  Тип записи a
  Библиографический уровень m
001 Контрольный номер UONB/MAIN/1175e6d09bf44298af0d8f7fe986683f
005 Дата корректировки 20251010122454.4
010 Индекс ISBN __
b Уточнения в пер.
d Цена 1 р. 86 к.
9 Тираж 4000 экз.
100 Данные общей обработки __
a Данные общей обработки 20231012 1968 u y0rusy0189## ca
101 Язык документа 0_
a Язык текста rus
102 Страна публикации __
a Страна публикации RU
105 Кодированные данные (монография) __
a Кодированные данные (монография) a z 001yy
200 Заглавие и сведения об ответственности 1_
a Заглавие Температуроустойчивые защитные покрытия
e Сведения, относящиеся к заглавию труды III семинара по жаростойким покрытиям
g Последующие сведения об ответственности отв. ред. А.И. Борисенко
203 Вид содержания и тип средства __
a Вид содержания Текст
b Характеристика содержания визуальный
c Тип средства непосредственный
210 Выходные данные 1_
a Место издания Ленинград
c Издательство Наука, Ленингр. отд-ние
d Дата издания 1968
215 Физическое описание __
a Объем 354 с.
c Иллюстрации/тип воспроизводства ил.
d Формат 22 см
225 Серия 1_
a Серия АН СССР. Институт химии силикатов им. И.В. Гребенщикова
320 Библиография __
a Библиография Библиогр. в конце докл.
606 Тематические рубрики 0_
a Основная рубрика Защитные покрытия, жаростойкие
x Основная подрубрика Сборники
610 Ключевые слова 0_
a Ключевые слова защитные покрытия жаростойкие
675 Индекс УДК __
a Индекс УДК 6П4
686 Индексы других классификаций __
a Классификационный индекс 34
2 Код системы rubbk
702 Вторичная интеллектуальная ответственность _1
a Фамилия Борисенко
b Имя (инициалы) А.И.
g Полное личное имя Анатолий Исидорович
4 Код отношения 340
801 Источник записи _0
a Страна RU
b Организация Ульяновская ОНБ
c Дата составления 20231012
g Правила каталогизации RCR
801 Источник записи _1
a Страна RU
b Организация Ульяновская ОНБ
c Дата составления 20231012
g Правила каталогизации RCR
901 Тип документа __
t Тип документа m
909 Создатель записи __
a Создатель записи Аверьянова
b Дата создания записи 20231012